000
00289nam a2200121Ia 4500
008
250224s9999 xx 000 0 und d
020
_a
9781444119909
082
_a
610.73073MAY
100
_a
May Andree
245
0
_a
Nursing reasearch
942
_c
BK
999
_c
472363
_d
472363